Normal view
MARC view
- تحقيق المياديينى، محمد شكور بن محمود الحاجي أمرير
Entry Personal Name
001 - CONTROL NUMBER
- control field: 7708
003 - CONTROL NUMBER IDENTIFIER
- control field: JO-AjAnu
005 - DATE AND TIME OF LATEST TRANSACTION
- control field: 20230606071539.0
008 - FIXED-LENGTH DATA ELEMENTS
- fixed length control field: 230606|| aca||aabn | a|a d
040 ## - CATALOGING SOURCE
- Original cataloging agency: JO-AjAnu
- Transcribing agency: JO-AjAnu
100 ## - HEADING--PERSONAL NAME
- Personal name: تحقيق المياديينى، محمد شكور بن محمود الحاجي أمرير
670 ## - SOURCE DATA FOUND
- Source citation: Work cat.: (JO-AjAnu)3985: تحقيق المياديينى، محمد شكور بن محمود الحاجي أمرير, author, هبة الرحمن الرحيم من جنة النعيم في فضائل القران الكريم